[Event "Greifswald Ryck op 24th"]
[Site "Greifswald"]
[Date "2023.07.22"]
[Round "6"]
[White "Neubert, Conrad"]
[Black "Stegmann, Jens"]
[Result "1/2-1/2"]
[WhiteElo "1695"]
[BlackElo "1765"]
[PlyCount "37"]
[EventDate "2023.07.19"]
[EventType "swiss"]
[EventRounds "7"]
[EventCountry "GER"]
[SourceTitle "CBM 215 Extra"]
[Source "ChessBase"]
[SourceDate "2023.09.30"]
[SourceVersion "1"]
[SourceVersionDate "2023.09.30"]
[SourceQuality "1"]

1. d4 c5 2. d5 d6 3. e4 e5 4. Be3 Be7 5. Qd2 a6 6. a4 f5 7. f3 fxe4 8. fxe4 Nf6 9. Qd3 Ng4 10. Bd2 Bg5 11. Nf3 Bxd2+ 12. Nbxd2 Nd7 13. Be2 Nf8 14. a5 Bd7 15. Qb3 Ng6 16. h3 Nh6 17. Qxb7 Nf4 18. Bf1 0-0 19. g3 1/2-1/2

[Event "Greifswald Ryck op 24th"]
[Site "Greifswald"]
[Date "2023.07.22"]
[Round "5"]
[White "Woll, Wilfried"]
[Black "Neubert, Conrad"]
[Result "1/2-1/2"]
[WhiteElo "2023"]
[BlackElo "1695"]
[PlyCount "64"]
[EventDate "2023.07.19"]
[EventType "swiss"]
[EventRounds "7"]
[EventCountry "GER"]
[SourceTitle "CBM 215 Extra"]
[Source "ChessBase"]
[SourceDate "2023.09.30"]
[SourceVersion "1"]
[SourceVersionDate "2023.09.30"]
[SourceQuality "1"]

1. c4 c6 2. Nf3 d5 3. g3 Nf6 4. Bg2 Bf5 5. b3 h6 6. Bb2 e6 7. 0-0 Be7 8. d3 0-0 9. a3 a5 10. Nbd2 Bh7 11. Qc2 b5 12. e4 a4 13. cxb5 axb3 14. Qxb3 Nbd7 15. Nd4 Nc5 16. Qc2 cxb5 17. Nc6 Qd7 18. Nxe7+ Qxe7 19. Bxf6 gxf6 20. Nb3 Rac8 21. Nxc5 Qxc5 22. Qd2 dxe4 23. dxe4 Qg5 24. f4 Qc5+ 25. Rf2 Rfd8 26. Qe2 Ra8 27. Qb2 Ra4 28. Qxf6 Rd2 29. Raf1 Rxa3 30. Qxh6 Rxf2 31. Rxf2 Ra1+ 32. Bf1 Bxe4 1/2-1/2

[Event "Greifswald Ryck op 24th"]
[Site "Greifswald"]
[Date "2023.07.21"]
[Round "4"]
[White "Neubert, Conrad"]
[Black "Johlke, Lorenz"]
[Result "1-0"]
[WhiteElo "1695"]
[BlackElo "1644"]
[PlyCount "67"]
[EventDate "2023.07.19"]
[EventType "swiss"]
[EventRounds "7"]
[EventCountry "GER"]
[SourceTitle "CBM 215 Extra"]
[Source "ChessBase"]
[SourceDate "2023.09.30"]
[SourceVersion "1"]
[SourceVersionDate "2023.09.30"]
[SourceQuality "1"]

1. d4 f5 2. Nc3 Nf6 3. Bg5 d5 4. e3 e6 5. Nf3 Be7 6. Be2 0-0 7. 0-0 Ne4 8. Nxe4 fxe4 9. Bxe7 Qxe7 10. Ne5 Nd7 11. Nxd7 Bxd7 12. c4 c6 13. Rc1 Qg5 14. Qb3 Rab8 15. Kh1 Rf6 16. f4 Qh4 17. g3 Qh6 18. Qa3 Ra8 19. Qd6 Be8 20. b4 Rf7 21. b5 Rd7 22. Qe5 Rc8 23. cxd5 Rxd5 24. Qxe4 Rcd8 25. Bc4 R5d6 26. f5 Bf7 27. bxc6 Rxc6 28. fxe6 Bxe6 29. d5 Rxc4 30. Rxc4 Bh3 31. Qe7 Bxf1 32. Qxd8+ Kf7 33. Rc7+ Kg6 34. Qe8+ 1-0

[Event "Greifswald Ryck op 24th"]
[Site "Greifswald"]
[Date "2023.07.20"]
[Round "3"]
[White "Stepanjan, Marianne"]
[Black "Neubert, Conrad"]
[Result "0-1"]
[WhiteElo "1514"]
[BlackElo "1695"]
[PlyCount "74"]
[EventDate "2023.07.19"]
[EventType "swiss"]
[EventRounds "7"]
[EventCountry "GER"]
[SourceTitle "CBM 215 Extra"]
[Source "ChessBase"]
[SourceDate "2023.09.30"]
[SourceVersion "1"]
[SourceVersionDate "2023.09.30"]
[SourceQuality "1"]

1. e4 c6 2. d4 d5 3. Nc3 dxe4 4. Nxe4 Nd7 5. Nf3 Ngf6 6. Nxf6+ Nxf6 7. c4 Bg4 8. Be2 e6 9. 0-0 Qc7 10. Ne5 Bxe2 11. Qxe2 Bd6 12. Bf4 a6 13. c5 Bxe5 14. Bxe5 Qd7 15. Bd6 0-0-0 16. Rfd1 Ne8 17. Bg3 g5 18. Qd2 h5 19. Qxg5 f6 20. Qc1 h4 21. Bf4 Qd5 22. f3 h3 23. Bg3 hxg2 24. Kxg2 Qf5 25. Qc3 Nc7 26. a4 Nd5 27. Qd2 Rdg8 28. Rg1 Nf4+ 29. Kf1 Nh3 30. Rg2 Qxf3+ 31. Ke1 Rh4 32. Qd1 Re4+ 33. Re2 Qh1+ 34. Kd2 Rxd4+ 35. Kc2 Rxd1 36. Rxd1 Qf3 37. Rf2 Nxf2 0-1